Teoría de precios y sus aplicaciones

Gardado en:
Detalles Bibliográficos
Autor Principal: Hirshleifer, Jack (Author)
Formato: Libro
Idioma:Lingua castelá
Publicado: Ciudad de México Prentice-Hall Internacional 1980
Subjects:
Tags: Engadir etiqueta
Sen Etiquetas, Sexa o primeiro en etiquetar este rexistro!

MARC

LEADER 00000nam a2200000 a 4500
001 UCR7764
003 CL-VaPUC
008 980519e19800000MX |||||||||||||||||spa|d
082 0 4 |a 338.520  |b HIR  |2 21 
100 |a Hirshleifer, Jack  |e author  |9 409188 
245 1 0 |a Teoría de precios y sus aplicaciones 
300 |a 558 p 
942 |c BK 
945 |d 19980519 00:00:00  |a crobeson 
260 |a Ciudad de México  |b Prentice-Hall Internacional  |c 1980 
650 0 |a Economía   |9 255568 
650 0 |a Precios   |9 260787 
650 7 |a SISTEMAS ECONOMICOS  |2 CL-VaPUC  |9 409189 
650 0 |a Microeconomía  |9 258126 
650 0 |a Macroeconomía   |9 260301 
650 0 |a Trabajo  |9 313876 
650 0 |a Oferta  |9 357541 
650 7 |a DEMANDA  |2 CL-VaPUC  |9 255172 
650 0 |a Consumo  |9 333893 
650 0 |a Mercado  |9 321497 
650 7 |a BIENES DE CONSUMO  |2 CL-VaPUC  |9 359202 
650 0 |a Dinero  |9 314331 
650 0 |a Ahorro  |9 351157 
650 0 |a Economía política  |9 255814 
650 0 |a Gobierno   |9 255508 
583 |a last modification  |c 19980519 00:00:00  |k Rodrigo Vera 
999 |c 269348  |d 269346 
952 |0 0  |1 0  |4 0  |6 338_520000000000000_HIR_1980  |7 0  |8 A  |9 303072  |a BIBENE  |b BIBENE  |d 2019-11-20  |i 1994476  |o 338.520 HIR 1980  |p 1994476  |r 2025-01-15  |w 2019-11-20  |y BK  |k ICO